|
|
|
|
| LEADER |
01346nam a2200241 i 4500 |
| 001 |
10019508 |
| 003 |
GR-PaULI |
| 005 |
20250304092312.0 |
| 008 |
881025s1975 gr gre d |
| 952 |
|
|
|0 0
|1 0
|2 ddc
|4 0
|6 889_120000000000000_ΠΟΡ
|7 0
|9 244956
|a LISP
|b LISP
|c DON
|d 2020-11-02
|e ΓΑΛ
|i 143002
|l 0
|o 889.12 ΠΟΡ
|p 025000269137
|r 2020-11-02 00:00:00
|t 1
|v 2020.00
|w 2020-11-02
|y BKN
|
| 952 |
|
|
|0 0
|1 0
|2 ddc
|4 0
|6 889_120000000000000_ΠΟΡ
|7 0
|9 327127
|a LISP
|b LISP
|c DON
|d 2021-07-21
|e ΓΑΛ
|i 143647
|l 0
|o 889.12 ΠΟΡ
|p 025000269958
|r 2021-07-21 00:00:00
|t 2
|w 2021-07-21
|y BKN
|
| 952 |
|
|
|0 0
|1 0
|2 ddc
|4 0
|6 889_120000000000000_ΠΟΡ
|7 0
|9 364626
|a LISP
|b LISP
|c DON
|d 2022-09-26
|e ΠΑΤ
|i 147267
|l 0
|o 889.12 ΠΟΡ
|p 025000273712
|r 2022-09-26 00:00:00
|t 3
|w 2022-09-26
|y BKN
|
| 999 |
|
|
|c 147836
|d 147836
|
| 040 |
|
|
|a GR-PaULI
|c GR-PaULI
|b gre
|e AACR2
|
| 082 |
0 |
4 |
|a 889.12
|2 23
|
| 100 |
1 |
|
|a Πορφύρης, Κ.,
|d 1910-1967
|e συγγραφέας.
|9 83267
|
| 245 |
1 |
2 |
|a Ο Ανδρέας Κάλβος καρμπονάρος :
|b η μυστική δίκη των καρμπονάρων της Τοσκάνης /
|c Κ. Πορφύρη.
|
| 260 |
|
|
|a Αθήνα:
|b Θεμέλιο,
|c 1975.
|
| 300 |
|
|
|a 150 σ. ;
|c 21 εκ.
|
| 600 |
1 |
0 |
|a Κάλβος, Ανδρέας,
|d 1792-1869.
|9 28939
|
| 650 |
|
4 |
|9 139033
|a Καρμπονάροι
|
| 942 |
|
|
|2 ddc
|c BKN
|
| 998 |
|
|
|c ΣΑΤΛΑΝΗΣ
|d 2020-11
|